Statistiche per Glossario calcistico - Quiz n°4

Clicka qui per fare il quiz!

Statistiche generali

  • Questo quiz è stato fatto 33 volte
  • Il punteggio medio è 6 su 15

Statistiche sulle risposte

DefinizioneRisposta% Corretto
Abbreviazione di Video Assistant Referee.VAR
100%
Torneo calcistico per club italiani con formula variabile riservato attualmente alle squadre italiane di Serie A, Serie B, e quattro di Serie CCoppa Italia
86%
Quattro gol realizzati da un calciatore in una stessa partitaQuaterna
83%
Sanzione disciplinare comminata ai giocatori che abbiano commesso infrazioni particolarmente gravi o di particolare violenza. Comporta l'obbligo di abbandonare il recinto di gioco ed è, solitamente, seguita da una squalifica.Espulsione
55%
Colpo effettuato principalmente con la palla in aria di rigore, di rado anche fuori, il portiere butta il corpo in avanti e colpisce la palla con il tacco o i tacchi. È stato reso celebre dal portiere colombiano René Higuita.Scorpione
55%
Termine che indica un particolare festeggiamento da parte dei tifosi durante una partita di calcio. Consiste nell'alzarsi in piedi in una determinata zona dello stadio, per poi continuare successivamente con i tifosi alla propria destra.Ola
52%
Movimento compiuto dal portiere, che si allontana dai pali della propria porta e avanza all'interno dell'area di rigore o, meno frequentemente, fuori dalla stessa; può essere bassa, per fermare un attaccante o per catturare il pallone prima dell'arrivo di un avversario, o alta, per intercettare un cross.Uscita
48%
Guadagno del pallone da parte di un giocatore prima del suo avversarioAnticipo
45%
Giocatore che, nel corso di un torneo, segna un alto numero di gol.Goleador
24%
Termine giornalistico volto a sottolineare la tendenza di una squadra a cogliere numerosi pareggi, in particolare consecutivi.Pareggite
24%
Termine utilizzato per riferirsi ad un tipo di gioco le cui caratteristiche fondamentali sono l'intercambiabilità dei ruoli e la partecipazione corale di ogni calciatore alla costruzione del gioco.Calcio totale
17%
Due giocatori della stessa squadra che marcano un avversario intervenendo su di lui da destra e da sinistra.Sandwich
17%
Ciascuno dei due tornei in cui si struttura il campionato nazionale in alcuni stati centroamericani e sudamericani.Apertura e Clausura
14%
L'intera struttura destinata ad accogliere una gara, comprendente di terreno di gioco vero e proprio (dimensioni medie di 105 m × 68 m), il campo per destinazione, la recinzione di separazione per i tifosi, gli spalti, i servizi e gli spogliatoi,Campo di gioco
14%
Torneo calcistico per club sudamericani riservato alle squadre classificate in buona posizione nei precedenti campionati nazionali.Coppa Sudamericana
10%

Distribuzione punteggi

Percentile per numero di risposta

Percentuale di utenti per punteggio

I tuoi punteggi nel tempo

Non hai fatto questo quiz